[Event "RA-2013-0-00299"]
[Site "LSS email"]
[Date "2013.11.25"]
[Round "?"]
[White "Baker, Jim"]
[Black "Sorcinelli, Andrea"]
[Result "0-1"]
[WhiteElo "2082"]
[BlackElo "2025"]
[PlyCount "30"]
[EventDate "2013.10.30"]
[EventType "tourn (corr)"]
[EventRounds "6"]
[EventCountry "GER"]
[SourceTitle "Corr 2015"]
[Source "ChessBase"]
[SourceDate "2015.07.17"]
[SourceVersion "1"]
[SourceVersionDate "2015.07.17"]
[SourceQuality "1"]

1. e4 c5 2. Nf3 d6 3. d4 cxd4 4. Nxd4 Nf6 5. Nc3 a6 6. Rg1 e5 7. Nb3 Be6 8. g4 d5 9. g5 Nxe4 10. Nxe4 dxe4 11. Qxd8+ Kxd8 12. Bg2 Bf5 13. Be3 Nc6 14. 0-0-0+ Kc7 15. Nd2 Nd4 0-1

[Event "OP-2013-0-03136"]
[Site "LSS email"]
[Date "2013.11.24"]
[Round "?"]
[White "Baker, Jim"]
[Black "Garcia, Javier N"]
[Result "0-1"]
[WhiteElo "2082"]
[BlackElo "726"]
[PlyCount "24"]
[EventDate "2013.11.21"]
[EventType "tourn (corr)"]
[EventRounds "4"]
[EventCountry "GER"]
[SourceTitle "Corr 2015"]
[Source "ChessBase"]
[SourceDate "2015.07.17"]
[SourceVersion "1"]
[SourceVersionDate "2015.07.17"]
[SourceQuality "1"]

1. e4 c5 2. Nf3 d6 3. d4 cxd4 4. Nxd4 Nf6 5. Nc3 Bg4 6. f3 Bd7 7. Be3 e5 8. Ndb5 Bxb5 9. Bxb5+ Nbd7 10. Bg5 Be7 11. Bxf6 gxf6 12. Qd2 Qb6 0-1